Invitation / (Record no. 89744)
[ view plain ]
| 000 -LEADER | |
|---|---|
| fixed length control field | 00792nam a22002297a 4500 |
| 005 - DATE AND TIME OF LATEST TRANSACTION | |
| control field | 20170421140749.0 |
| 010 ## - LCCN (DPL NO) | |
| LC control number | B-535580-584 |
| 020 ## - INTERNATIONAL STANDARD BOOK NUMBER | |
| International Standard Book Number | 9789380658650 |
| Terms of availability | 495.00 |
| 035 ## - SYSTEM CONTROL NUMBER | |
| System control number | B-535580-584 |
| 035 ## - SYSTEM CONTROL NUMBER | |
| System control number | B-667446 |
| 037 ## - SOURCE OF ACQUISITION | |
| Source of stock number/acquisition | DBAD/PUB |
| 037 ## - SOURCE OF ACQUISITION | |
| Source of stock number/acquisition | UBH/Ven |
| Stock number | dpl |
| 082 ## - DEWEY DECIMAL CLASSIFICATION NUMBER | |
| Classification number | N |
| 100 ## - MAIN ENTRY--PERSONAL NAME | |
| Personal name | Shehryar Fazli |
| 245 ## - TITLE STATEMENT | |
| Title | Invitation / |
| Statement of responsibility, etc | by Shehryar Fazli |
| 260 ## - PUBLICATION, DISTRIBUTION, ETC. (IMPRINT) | |
| Place of publication, distribution, etc | Chennai |
| Name of publisher, distributor, etc | Tranquebar Press |
| Date of publication, distribution, etc | 2011 |
| 270 ## - ADDRESS | |
| Address | Venkat Towers,165, P.H. Road, Maduravoyal |
| City | Chennai |
| Postal code | 600095 |
| 300 ## - PHYSICAL DESCRIPTION | |
| Extent | 385p.. |
| Dimensions | 23cm(Hb) |
| 942 ## - ADDED ENTRY ELEMENTS (KOHA) | |
| Source of classification or shelving scheme | Dewey Decimal Classification |
| Item type | English Books |
| Call number suffix | FAZ |
| Classification part | N |
| Withdrawn status | Lost status | Not for loan | Collection code | Home library | Current library | Date acquired | Source of acquisition | Cost, normal purchase price | Full call number | Barcode | Copy number | Cost, replacement price | Koha item type |
|---|---|---|---|---|---|---|---|---|---|---|---|---|---|
| Fiction | Ashok Vihar | Ashok Vihar | 21/04/2017 | BPPD/CH-EN/2013-14/AV/16-17/362/15.02.2017/BW/1124/25.02.2017/17.03.2017 | 495.00 | N FAZ | B-667446 | 1 | 495.00 | English Books | |||
| Fiction | Karol Bagh | Karol Bagh | 31/10/2014 | UBH/314/28.03.2014/148/25.03.2014/29.03.2014 | 495.00 | N FAZ | B-535583 | 1 | 495.00 | English Books | |||
| Fiction | Patel Nagar | Patel Nagar | 31/10/2014 | UBH/314/28.03.2014/148/25.03.2014/29.03.2014 | 495.00 | N FAZ | B-535580 | 1 | 495.00 | English Books | |||
| Fiction | Sarojini Nagar | Sarojini Nagar | 31/10/2014 | UBH/314/28.03.2014/148/25.03.2014/29.03.2014 | 495.00 | N FAZ | B-535581 | 1 | 495.00 | English Books | |||
| Fiction | Shahdara Branch | Shahdara Branch | 31/10/2014 | UBH/314/28.03.2014/148/25.03.2014/29.03.2014 | 495.00 | N FAZ | B-535584 | 1 | 495.00 | English Books | |||
| Fiction | Vinoba Puri | Vinoba Puri | 31/10/2014 | UBH/314/28.03.2014/148/25.03.2014/29.03.2014 | 495.00 | N FAZ | B-535582 | 1 | 495.00 | English Books |
